| 000 | 00614nam a22001577a 4500 | ||
|---|---|---|---|
| 003 | macl | ||
| 005 | 20200107123402.0 | ||
| 008 | 200107b xxu||||| |||| 00| 0 eng d | ||
| 040 | _cmacl | ||
| 082 | _a100 | ||
| 100 |
_aडॉ महेन्द्रनाथ सिंह _977691 |
||
| 245 | _aभारतीय दर्शन में मोक्ष की अवधारणा एक पर्यटकीय विरासत | ||
| 260 |
_aवाराणसी _bकला एवं धर्म शोध संस्थान _c2016 |
||
| 650 |
_aदर्शन _977692 |
||
| 942 |
_2ddc _cHIN |
||
| 999 |
_c61685 _d61685 |
||